Diccionario de la música Labor / (Record no. 116804)

MARC details
000 -LEADER
campo de control de longitud fija 00615nam a2200193 i 4500
001 - NÚMERO DE CONTROL
campo de control 116804
003 - IDENTIFICADOR DE NÚMERO DE CONTROL
campo de control ES-MaACL
005 - FECHA Y HORA DE LA ÚLTIMA TRANSACCIÓN
campo de control 20251003185427.0
007 - CAMPO FIJO DE DESCRIPCIÓN FÍSICA--INFORMACIÓN GENERAL
campo de control de longitud fija t|
008 - DATOS DE LONGITUD FIJA--INFORMACIÓN GENERAL
campo de control de longitud fija 061121s1954 sp r ||||1| spa d
100 1# - ENTRADA PRINCIPAL--NOMBRE DE PERSONA
Nombre de persona Pena, Joaquín.
9 (RLIN) 90136
245 10 - MENCIÓN DEL TÍTULO
Título Diccionario de la música Labor /
Mención de responsabilidad, etc. iniciado por Joaquín Pena ; continuado por Higinio Anglés.
260 ## - PUBLICACIÓN, DISTRIBUCIÓN, ETC.
Lugar de publicación, distribución, etc. Barcelona :
Nombre del editor, distribuidor, etc. Labor,
Fecha de publicación, distribución, etc. 1954.
300 ## - DESCRIPCIÓN FÍSICA
Extensión 2 t., 84 lám. ;
Dimensiones 26 cm.
650 #4 - PUNTO DE ACCESO ADICIONAL DE MATERIA--TÉRMINO DE MATERIA
Término de materia o nombre geográfico como elemento de entrada Música-
Subdivisión de forma Historia
9 (RLIN) 15391
700 1# - ENTRADA AGREGADA--NOMBRE PERSONAL
Nombre de persona Anglés, Higinio,
Fechas asociadas al nombre 1888-1969
9 (RLIN) 21747
852 ## - LOCALIZACIÓN
Ubicación ES-MaACL
Número de control de estantería C-8279-80
Sublocalización o colección R.36438
Holdings
Estatus retirado Estado de pérdida Estado de daño No para préstamo Colección Biblioteca de origen Biblioteca actual Ubicación en estantería Fecha de adquisición Fuente de adquisición Total de préstamos Signatura topográfica completa Código de barras Visto por última vez Precio de reemplazo Tipo de ítem Koha
        Colección de referencia Biblioteca del Ateneo de Madrid Biblioteca del Ateneo de Madrid Sala Palomar 17/01/2008     C-8279-80 1121791 23/02/2023 23/02/2023 Libro impreso